<?xml version="1.0" encoding="UTF-8"?><?xml-stylesheet type="text/xsl" href="static/style.xsl"?><OAI-PMH xmlns="http://www.openarchives.org/OAI/2.0/" xmlns:xsi="http://www.w3.org/2001/XMLSchema-instance" xsi:schemaLocation="http://www.openarchives.org/OAI/2.0/ http://www.openarchives.org/OAI/2.0/OAI-PMH.xsd"><responseDate>2026-04-27T14:38:01Z</responseDate><request verb="GetRecord" identifier="oai:uvadoc.uva.es:10324/68737" metadataPrefix="marc">https://uvadoc.uva.es/oai/request</request><GetRecord><record><header><identifier>oai:uvadoc.uva.es:10324/68737</identifier><datestamp>2025-01-21T10:55:50Z</datestamp><setSpec>com_10324_2555</setSpec><setSpec>col_10324_2559</setSpec></header><metadata><record xmlns="http://www.loc.gov/MARC21/slim" xmlns:doc="http://www.lyncode.com/xoai" xmlns:xsi="http://www.w3.org/2001/XMLSchema-instance" xmlns:dcterms="http://purl.org/dc/terms/" xsi:schemaLocation="http://www.loc.gov/MARC21/slim http://www.loc.gov/standards/marcxml/schema/MARC21slim.xsd">
<leader>00925njm 22002777a 4500</leader>
<datafield tag="042" ind1=" " ind2=" ">
<subfield code="a">dc</subfield>
</datafield>
<datafield tag="720" ind1=" " ind2=" ">
<subfield code="a">Santos Tejido, Iván</subfield>
<subfield code="e">author</subfield>
</datafield>
<datafield tag="720" ind1=" " ind2=" ">
<subfield code="a">Hernández Mangas, Jesús Manuel</subfield>
<subfield code="e">author</subfield>
</datafield>
<datafield tag="720" ind1=" " ind2=" ">
<subfield code="a">Arias Álvarez, Jesús</subfield>
<subfield code="e">author</subfield>
</datafield>
<datafield tag="720" ind1=" " ind2=" ">
<subfield code="a">Aboy Cebrián, María</subfield>
<subfield code="e">author</subfield>
</datafield>
<datafield tag="720" ind1=" " ind2=" ">
<subfield code="a">Pelaz Montes, María Lourdes</subfield>
<subfield code="e">author</subfield>
</datafield>
<datafield tag="720" ind1=" " ind2=" ">
<subfield code="a">Nieves Izquierdo, Álvaro</subfield>
<subfield code="e">author</subfield>
</datafield>
<datafield tag="260" ind1=" " ind2=" ">
<subfield code="c">2024</subfield>
</datafield>
<datafield tag="520" ind1=" " ind2=" ">
<subfield code="a">Píldora explicativa de la experiencia práctica "Comunícate" del proyecto de Innovación Docente PID 23_24-190 subvencionado por el Vicerrectorado de Innovación Docente y Transformación Digital de la Universidad de Valladolid en el curso 2023/24. En esta experiencia se diseña un sistema electrónico para intercomunicaciones a distancia mediante luz, cable y radiofrecuencia.</subfield>
</datafield>
<datafield tag="024" ind2=" " ind1="8">
<subfield code="a">https://uvadoc.uva.es/handle/10324/68737</subfield>
</datafield>
<datafield tag="245" ind1="0" ind2="0">
<subfield code="a">No es magia, ¡es Electrónica!: Experiencias prácticas con Sistemas Electrónicos - Experiencia "Comunícate" - Píldora</subfield>
</datafield>
</record></metadata></record></GetRecord></OAI-PMH>